Séptimo Congreso de las Naciones Unidas sobre Prevención del Delito y Tratamiento del Delincuente

Uloženo v:
Podrobná bibliografie
Korporace: ONU (Autor), Organización de Naciones Unidas (Autor)
Médium: Kniha
Jazyk:španělština
Vydáno: Nueva York ONU 1986
Témata:
Tagy: Přidat tag
Žádné tagy, Buďte první, kdo vytvoří štítek k tomuto záznamu!

MARC

LEADER 00000nam a2200000 a 4500
001 UCS0297
003 CL-VaPUC
005 20211227123213.0
008 970418e19860000us 1 spa d
082 0 4 |a 364.4  |b ONU  |2 21 
110 2 |a ONU  |e author  |9 618335 
710 2 |a Organización de Naciones Unidas  |e author  |9 618336 
245 1 0 |a Séptimo Congreso de las Naciones Unidas sobre Prevención del Delito y Tratamiento del Delincuente 
260 |a Nueva York  |b ONU  |c 1986 
300 |a 173 p 
583 |a last modification  |c 19970418 00:00:00  |k Rodrigo Vera 
650 0 7 |a DERECHO PENAL  |2 CL-VaPUC  |9 11 
650 0 7 |a DELINCUENTES  |2 CL-VaPUC  |9 315465 
650 0 0 |a Delitos  |9 224143 
650 0 0 |a Prevención del delito  |9 322994 
650 0 7 |a MENORES  |2 CL-VaPUC  |9 618337 
650 0 7 |a DELINCUENCIA JUV  |9 606541ENIL  |2 CL-VaPUC 
650 0 0 |a Delitos  |9 224143 
942 |c BK 
945 |a paguirre  |d 19970418 00:00:00 
546 |a En Español 
518 |p Congreso de las Naciones Unidas sobre Prevención del Delito y Tratamiento del Delincuente, 7, Milán, 26 de Agosto al 6 de Septiembre de 1985 
999 |c 382905  |d 382903 
952 |0 0  |1 0  |4 0  |6 364_400000000000000_ONU_1986  |7 0  |8 A  |9 504847  |a BIBDER  |b BIBDER  |d 2020-01-23  |i 1833375  |o 364.4 ONU 1986  |p 1833375  |r 2023-01-25  |w 2020-01-23  |y BK  |k DER